| 000 | 02136cam a2200361 a 4500 | ||
|---|---|---|---|
| 001 | 641998678 | ||
| 003 | OCoLC | ||
| 005 | 20150408114110.0 | ||
| 008 | 100614r20111994maua b 001 0 eng | ||
| 010 | _a2010022349 | ||
| 016 | 7 |
_a015661199 _2Uk |
|
| 020 | _a9780805382914 (alk. paper) | ||
| 020 | _a0805382917 (alk. paper) | ||
| 020 | _a9780321503367 (pbk.) | ||
| 020 | _a0321503368 (pbk.) | ||
| 035 | _a.b6975889x | ||
| 040 |
_aDLC _cDLC _dYDX _dYDXCP _dCDX _dBWX _dLHU _dHEBIS _dSINIE _dUKMGB _dUtOrBLW |
||
| 042 | _apcc | ||
| 049 | _aOSUU | ||
| 050 | 0 | 0 |
_aQC174.12 _b.S25 2011 |
| 082 | 0 | 0 |
_a530.12 _222 _bSJMM |
| 100 | 1 |
_aSakurai, J. J. _q(Jun John), _d1933-1982. _919457 |
|
| 245 | 1 | 0 |
_aModern quantum mechanics / _cJ.J. Sakurai, Jim Napolitano. |
| 250 | _a2nd ed. | ||
| 260 |
_aBoston : _bAddison-Wesley, _cc2011. |
||
| 300 |
_axviii, 550 p. : _bill. ; _c24 cm. |
||
| 504 | _aIncludes bibliographical references (p. 535-536) and index. | ||
| 505 | 0 | _aFundamental Concepts -- Quantum Dynamics -- Theory of Angular Momentum -- Symmetry in Quantum Mechanics -- Approximation Methods -- Scattering Theory -- Identical Particles -- Relativistic Quantum Mechanics -- Electromagnetic Units -- Brief Summary of Elementary Solutions to Shrödinger's Wave Equation -- Proof of the Angular-Momentum Addition Rule Given by Equation (3.8.38) | |
| 520 | _a"This best-selling classic provides a graduate-level, non-historical, modern introduction of quantum mechanical concepts. The author, J. J. Sakurai, was a renowned theorist in particle theory. This revision by Jim Napolitano retains the original material and adds topics that extend the book's usefulness into the 21st century. The introduction of new material, and modification of existing material, appears in a way that better prepares readers for the next course in quantum field theory. Readerse will still find such classic developments as neutron interferometer experiments, Feynman path integrals, correlation measurements, and Bell's inequality."--pub. desc. | ||
| 650 | 0 |
_aQuantum theory _vTextbooks. _919458 |
|
| 700 | 1 |
_aNapolitano, Jim. _919459 |
|
| 942 |
_2ddc _cDVD |
||
| 999 |
_c26788 _d261288 |
||